000 00300nam a22001337a 4500
008 170921b xxu||||| |||| 00| 0 eng d
020 _a9781407501963
041 _aeng
080 _a78
100 _a45
101 _aMUZ
245 _aLERAN TO PLAY THE GUITAR
_cFREETH.N
942 _2udc
_cBK
999 _c28752
_d28752